Statistics for Countries where the first vowel is an A

Click here to take the quiz!

General Stats

  • This quiz has been taken 120 times
    (10 since last reset)
  • The average score is 59 of 66

Answer Stats

Country % Correct
Afghanistan
100%
Bangladesh
100%
Thailand
100%
Pakistan
100%
Namibia
100%
Malaysia
100%
Albania
100%
Japan
100%
Jamaica
100%
Canada
100%
Barbados
100%
Zambia
100%
Bahrain
100%
Armenia
100%
Andorra
100%
Algeria
100%
Austria
100%
Argentina
100%
Bahamas
100%
Australia
100%
Nauru
89%
Palau
89%
Panama
89%
Papua New Guinea
89%
Qatar
89%
Rwanda
89%
Saint Kitts and Nevis
89%
Saint Vincent and the Grenadines
89%
Saint Lucia
89%
Samoa
89%
São Tomé and Príncipe
89%
Saudi Arabia
89%
Spain
89%
Taiwan
89%
Tajikistan
89%
Tanzania
89%
Vanuatu
89%
Vatican City
89%
Angola
89%
Mauritania
89%
Mauritius
89%
Laos
89%
Azerbaijan
89%
Brazil
89%
Cambodia
89%
Cameroon
89%
Cape Verde
89%
Kazakhstan
89%
Haiti
89%
Malawi
89%
Marshall Islands
89%
Madagascar
89%
Mali
89%
Maldives
89%
Antigua and Barbuda
89%
Chad
78%
Malta
78%
Latvia
78%
France
78%
Paraguay
78%
Gambia
78%
San Marino
78%
Gabon
78%
Ghana
67%
Myanmar
67%
Kyrgyzstan
44%

Score Distribution

Percentile by Number Answered

Percent of People with Each Score

Your Score History

You have not taken this quiz since the last reset